Perspectivas del empleo / (Record no. 111638)

MARC details
000 -LEADER
campo de control de longitud fija 00859nam a2200229 4500
001 - NÚMERO DE CONTROL
campo de control 111638
003 - IDENTIFICADOR DE NÚMERO DE CONTROL
campo de control ES-MaACL
005 - FECHA Y HORA DE LA ÚLTIMA TRANSACCIÓN
campo de control 20230906185333.0
007 - CAMPO FIJO DE DESCRIPCIÓN FÍSICA--INFORMACIÓN GENERAL
campo de control de longitud fija t|
008 - DATOS DE LONGITUD FIJA--INFORMACIÓN GENERAL
campo de control de longitud fija 061121s1984 sp r ||||1| spa d
110 2# - ENTRADA PRINCIPAL--NOMBRE DE ENTIDAD CORPORATIVA
Nombre de entidad corporativa o nombre de jurisdicción como elemento de entrada Organización de Cooperación y Desarrollo Económico.
9 (RLIN) 167502
245 10 - MENCIÓN DEL TÍTULO
Título Perspectivas del empleo /
Mención de responsabilidad, etc. Organización de Cooperación y Desarrollo Económico ; traducción de Aurelio Martínez Benito ; revisión de Lluis Fina Sanglas.
260 ## - PUBLICACIÓN, DISTRIBUCIÓN, ETC.
Lugar de publicación, distribución, etc. Madrid :
Nombre del editor, distribuidor, etc. Ministerio de Trabajo y Seguridad Social,
Fecha de publicación, distribución, etc. 1984.
300 ## - DESCRIPCIÓN FÍSICA
Extensión 217 p. ;
Dimensiones 22 cm.
490 1# - MENCIÓN DE SERIE
Mención de serie Informes ocde
700 1# - ENTRADA AGREGADA--NOMBRE PERSONAL
Nombre de persona Martínez Benito, Aurelio.
9 (RLIN) 77891
700 1# - ENTRADA AGREGADA--NOMBRE PERSONAL
Nombre de persona Fina, Lluís.
9 (RLIN) 50864
710 1# - ENTRADA AGREGADA--NOMBRE DE ENTIDAD CORPORATIVA
Nombre de entidad corporativa o nombre de jurisdicción como elemento de entrada España.
Unidad subordinada Ministerio de Trabajo y Seguridad Social.
9 (RLIN) 3936
830 0# - PUNTO DE ACCESO ADICIONAL DE SERIE-TÍTULO UNIFORME
Título uniforme Informes ocde
9 (RLIN) 185686
852 ## - LOCALIZACIÓN
Ubicación ES-MaACL
Número de control de estantería L-6751
Sublocalización o colección R.107403
Holdings
Estatus retirado Estado de pérdida Estado de daño No para préstamo Biblioteca de origen Biblioteca actual Ubicación en estantería Fecha de adquisición Fuente de adquisición Total de préstamos Signatura topográfica completa Código de barras Visto por última vez Precio de reemplazo Tipo de ítem Koha
        Biblioteca del Ateneo de Madrid Biblioteca del Ateneo de Madrid Depósito 2 17/01/2008     L-6751 1116460 23/02/2023 23/02/2023 Libro impreso